| 000 | 00729cam a22002653a 4500 | ||
|---|---|---|---|
| 001 | 14409 | ||
| 003 | PGUSA | ||
| 005 | 20140828083316.0 | ||
| 008 | 041221s2004||||xxu|||||s|||||000 1 eng d | ||
| 040 |
_aPGUSA _beng |
||
| 042 | _adc | ||
| 050 | 4 | _aPS | |
| 100 | 1 |
_aAdams, Henry, _d1838-1918 |
|
| 245 | 1 | 0 |
_aEsther _h[electronic resource] / _cHenry Adams |
| 260 |
_bProject Gutenberg, _c2004 |
||
| 506 | _aPublic domain in the USA. | ||
| 516 | _aElectronic text | ||
| 653 | _aBildungsromans | ||
| 653 | _aMan-woman relationships -- Fiction | ||
| 653 | _aClergy -- Fiction | ||
| 653 | _aWomen painters -- Fiction | ||
| 830 | 0 |
_aProject Gutenberg _v14409 |
|
| 856 | 4 | 0 | _uhttp://www.gutenberg.org/ebooks/14409 |
| 942 | _cEB | ||
| 999 |
_c243664 _d243664 |
||